00499nam a2200169Ia 4500003000400000005001700004008004100021020001500062040000700077041000800084082002300092100005000115245008000165260005400245300001700299365001300316OSt20230426093322.0210423s2002 xx 000 0 und d a8173914478 cAL aeng a659.10954 KHAK223 aKHAN (Kaleem Mohammed);KHAN (Mohammed Naved). aFacets of Indian advertising and consumer behaviour: an empirical approach. aNew DelhibKanishka Publishers Distributorsc2002 aviii,288bPB b595cINR